00413nam a2200121Ia 4500008004100000082002000041100002100061245001900082260003900101300001000140630001800150650012300168211109s9999||||xx |||||||||||||| ||und|| a894.812 bACH-K aAchyuta Menon, C 0aKuchelavirtham bNATIONAL BOOKSTALLaKottayamc1930 a103p. xGeneral Stack aLiteratures of other languagesvAltaic, Uralic, Hyperborean & DravidianMalayalam LiteratureMalayalam PoetryxGeneralia